[Event "Cracovia Chess Festival A 2021"]
[Site "Cracow"]
[Date "2022.01.02"]
[Round "7.30"]
[White "Stanisz, Patryk"]
[Black "Svendsen, Bertil"]
[Result "1-0"]
[WhiteElo "2158"]
[BlackElo "2251"]
[Annotator "ChessBase"]
[PlyCount "69"]
[EventDate "2021.12.27"]
[EventCountry "POL"]
[SourceTitle "playchess.com"]
[Source "ChessBase"]
[SourceQuality "1"]
[TimeControl "40/5400+30:1800+30"]

1. d4 {[%emt 0:00:01]} Nf6 {[%emt 0:00:08]} 2. c4 {[%emt 0:00:08]} e6 {[%emt 0:00:12]} 3. Nc3 {[%emt 0:00:30]} Bb4 {[%emt 0:00:06]} 4. e3 {[%emt 0:01:03]} O-O {[%emt 0:00:14]} 5. Nge2 {[%emt 0:00:05]} Re8 {[%emt 0:01:49]} 6. a3 {[%emt 0:00:41]} Bf8 {[%emt 0:00:09]} 7. Ng3 {[%emt 0:03:44]} d5 {[%emt 0:00:27]} 8. cxd5 {[%emt 0:03:31]} exd5 {[%emt 0:00:16]} 9. Bd3 {[%emt 0:00:05]} c5 {[%emt 0:08:44]} 10. dxc5 {[%emt 0:05:55]} Bxc5 {[%emt 0:01:17]} 11. O-O {[%emt 0:00:37]} Nc6 {[%emt 0:00:11]} 12. b4 {[%emt 0:01:19]} Bf8 {[%emt 0:05:12]} 13. Nb5 {[%emt 0:18:42]} g6 {[%emt 0:01:11]} 14. Bb2 {[%emt 0:01:01]} Bg7 {[%emt 0:00:15]} 15. Rc1 {[%emt 0:05:26]} a6 {[%emt 0:10:07]} 16. Nd4 {[%emt 0:01:23]} Ne5 {[%emt 0:00:48]} 17. Be2 {[%emt 0:02:47]} Bd7 {[%emt 0:01:47]} 18. Qb3 {[%emt 0:02:02]} b5 {[%emt 0:07:19]} 19. Rfd1 {[%emt 0:16:56]} Nc4 {[%emt 0:07:55]} 20. Nf3 {[%emt 0:02:30]} Qb6 {[%emt 0:03:44]} 21. Bd4 {[%emt 0:01:35]} Qb7 {[%emt 0:00:31]} 22. Qc3 {[%emt 0:00:27]} Re6 {[%emt 0:07:58]} 23. Bxc4 {[%emt 0:13:57]} dxc4 {[%emt 0:01:18]} 24. Ng5 {[%emt 0:00:06]} Rc6 {[%emt 0:17:53]} 25. N5e4 {[%emt 0:00:45]} Nxe4 {[%emt 0:04:18]} 26. Nxe4 {[%emt 0:00:07]} Bf5 {[%emt 0:00:25]} 27. Bxg7 {[%emt 0:06:47]} Bxe4 {[%emt 0:00:08]} 28. f3 {[%emt 0:00:03]} Bd3 {[%emt 0:08:43]} 29. Bh6 {[%emt 0:00:37]} f6 {[%emt 0:02:30]} 30. Rxd3 {[%emt 0:00:15]} cxd3 {[%emt 0:00:08]} 31. Qxc6 {[%emt 0:00:18]} d2 {[%emt 0:01:51]} 32. Qe6+ {[%emt 0:01:21]} Kh8 {[%emt 0:00:54]} 33. Qxf6+ {[%emt 0:00:05]} Kg8 {[%emt 0:00:05]} 34. Qe6+ {[%emt 0:00:46]} Kh8 {[%emt 0:00:03]} 35. Rd1 {[%emt 0:00:13]} 1-0

[Event "Cracovia Chess Festival A 2021"]
[Site "Cracow"]
[Date "2022.01.02"]
[Round "7.31"]
[White "Nawin J J"]
[Black "Braeuning, Rudolf Wilhelm"]
[Result "1-0"]
[WhiteElo "2109"]
[BlackElo "2242"]
[Annotator "ChessBase"]
[PlyCount "88"]
[EventDate "2021.12.27"]
[EventCountry "POL"]
[SourceTitle "playchess.com"]
[Source "ChessBase"]
[SourceQuality "1"]
[TimeControl "40/5400+30:1800+30"]

1. e4 {[%emt 0:00:03]} c5 {[%emt 0:00:45]} 2. Nf3 {[%emt 0:00:07]} g6 {[%emt 0:00:01]} 3. d4 {[%emt 0:00:28]} cxd4 {[%emt 0:00:02]} 4. Nxd4 {[%emt 0:00:10]} Nc6 {[%emt 0:00:02]} 5. c4 {[%emt 0:00:17]} Nf6 {[%emt 0:00:02]} 6. Nc3 {[%emt 0:00:09]} d6 {[%emt 0:00:05]} 7. Be2 {[%emt 0:00:29]} Nxd4 {[%emt 0:00:10]} 8. Qxd4 {[%emt 0:00:08]} Bg7 {[%emt 0:00:14]} 9. Bg5 {[%emt 0:00:31]} O-O {[%emt 0:00:12]} 10. Qd2 {[%emt 0:00:12]} Be6 {[%emt 0:05:42]} 11. O-O {[%emt 0:00:29]} Qa5 {[%emt 0:06:37]} 12. Rad1 {[%emt 0:00:14]} Rfc8 {[%emt 0:02:48]} 13. b3 {[%emt 0:00:34]} a6 {[%emt 0:16:37]} 14. Bxf6 {[%emt 0:00:50]} Bxf6 {[%emt 0:11:35]} 15. Nd5 {[%emt 0:00:11]} Qxd2 {[%emt 0:00:16]} 16. Nxf6+ {[%emt 0:00:06]} Kg7 {[%emt 0:00:30]} 17. Nh5+ {[%emt 0:00:28]} gxh5 {[%emt 0:00:03]} 18. Rxd2 Rc5 {[%emt 0:00:37]} 19. f4 {[%emt 0:07:14]} f6 {[%emt 0:14:19]} 20. Bf3 {[%emt 0:14:57]} Ra7 {[%emt 0:08:52]} 21. Re1 {[%emt 0:15:55]} b5 {[%emt 0:04:11]} 22. e5 {[%emt 0:09:57]} dxe5 {[%emt 0:03:02]} 23. fxe5 {[%emt 0:00:19]} f5 {[%emt 0:01:53]} 24. Bd5 {[%emt 0:04:55]} Bf7 {[%emt 0:16:10]} 25. e6 {[%emt 0:04:45]} Bg6 {[%emt 0:00:15]} 26. b4 {[%emt 0:00:12]} Rcc7 {[%emt 0:01:16]} 27. c5 {[%emt 0:00:30]} a5 {[%emt 0:02:39]} 28. a3 {[%emt 0:00:18]} Kf6 29. Red1 {[%emt 0:01:16]} h6 {[%emt 0:03:28]} 30. Bb3 {[%emt 0:01:37]} Bh7 {[%emt 0:00:58]} 31. Rd8 {[%emt 0:02:07]} axb4 {[%emt 0:00:39]} 32. axb4 {[%emt 0:00:05]} Kg7 {[%emt 0:01:35]} 33. R1d7 {[%emt 0:01:10]} Kf6 {[%emt 0:00:50]} 34. Rf8+ {[%emt 0:01:24]} Kg6 {[%emt 0:00:21]} 35. Rxc7 {[%emt 0:03:15]} Rxc7 {[%emt 0:00:02]} 36. Rb8 {[%emt 0:00:21]} Ra7 {[%emt 0:00:30]} 37. Rxb5 {[%emt 0:00:43]} Ra1+ {[%emt 0:00:10]} 38. Kf2 {[%emt 0:00:05]} Rc1 {[%emt 0:00:51]} 39. Bd5 {[%emt 0:00:22]} Kf6 {[%emt 0:00:37]} 40. c6 {[%emt 0:00:00]} Bg8 {[%emt 0:00:00]} 41. Rc5 {[%emt 0:02:03]} Rxc5 {[%emt 0:01:07]} 42. bxc5 {[%emt 0:00:03]} Bxe6 {[%emt 0:00:10]} 43. Bxe6 {[%emt 0:00:10]} Kxe6 {[%emt 0:00:07]} 44. h4 {[%emt 0:00:05]} Kd5 1-0

[Event "Cracovia Chess Festival A 2021"]
[Site "Cracow"]
[Date "2022.01.02"]
[Round "7.32"]
[White "Majek, Kacper"]
[Black "Salna, Aleksandras"]
[Result "0-1"]
[WhiteElo "2100"]
[BlackElo "2227"]
[Annotator "ChessBase"]
[PlyCount "138"]
[EventDate "2021.12.27"]
[EventCountry "POL"]
[SourceTitle "playchess.com"]
[Source "ChessBase"]
[SourceQuality "1"]
[TimeControl "40/5400+30:1800+30"]

1. b3 {[%emt 0:06:33]} d5 {[%emt 0:00:04]} 2. Bb2 {[%emt 0:00:08]} Bf5 {[%emt 0:00:02]} 3. Nf3 {[%emt 0:00:10]} e6 {[%emt 0:00:02]} 4. g3 {[%emt 0:00:14]} Nf6 {[%emt 0:00:05]} 5. Bg2 {[%emt 0:00:06]} Be7 {[%emt 0:00:05]} 6. O-O {[%emt 0:00:13]} h6 {[%emt 0:00:07]} 7. d3 {[%emt 0:00:08]} O-O {[%emt 0:00:05]} 8. Nbd2 {[%emt 0:00:08]} Bh7 {[%emt 0:00:07]} 9. Qe1 {[%emt 0:00:30]} c5 {[%emt 0:01:01]} 10. e4 {[%emt 0:00:11]} Nc6 {[%emt 0:00:06]} 11. Qe2 {[%emt 0:05:08]} Re8 {[%emt 0:01:14]} 12. Rfd1 {[%emt 0:09:44]} a5 {[%emt 0:04:12]} 13. a4 {[%emt 0:00:19]} Qc7 {[%emt 0:03:23]} 14. Re1 {[%emt 0:14:56]} Bg6 {[%emt 0:07:41]} 15. h3 {[%emt 0:02:24]} Bh5 {[%emt 0:04:28]} 16. Nb1 {[%emt 0:11:28]} d4 {[%emt 0:06:07]} 17. Na3 {[%emt 0:07:05]} Ne5 {[%emt 0:07:27]} 18. g4 {[%emt 0:06:40]} Nxf3+ {[%emt 0:00:39]} 19. Bxf3 {[%emt 0:01:05]} Bg6 {[%emt 0:00:21]} 20. h4 {[%emt 0:01:18]} Nd7 {[%emt 0:02:05]} 21. h5 {[%emt 0:00:28]} Bh7 {[%emt 0:00:19]} 22. e5 {[%emt 0:02:42]} f6 {[%emt 0:10:55]} 23. exf6 {[%emt 0:00:05]} Bxf6 {[%emt 0:00:04]} 24. Nc4 {[%emt 0:00:24]} Re7 {[%emt 0:01:39]} 25. Be4 {[%emt 0:04:47]} Bxe4 {[%emt 0:01:52]} 26. Qxe4 {[%emt 0:00:04]} Bg5 {[%emt 0:12:17]} 27. Bc1 {[%emt 0:00:04]} Rf8 {[%emt 0:02:04]} 28. Ne5 {[%emt 0:07:14]} Nxe5 {[%emt 0:02:25]} 29. Qxe5 {[%emt 0:00:06]} Bxc1 {[%emt 0:00:12]} 30. Raxc1 {[%emt 0:04:41]} Rf4 {[%emt 0:00:17]} 31. Qxc7 {[%emt 0:07:14]} Rxc7 {[%emt 0:00:05]} 32. Re4 {[%emt 0:00:52]} Rcf7 {[%emt 0:00:15]} 33. Rf1 {[%emt 0:00:08]} Rxe4 {[%emt 0:00:04]} 34. dxe4 {[%emt 0:00:20]} Rf3 {[%emt 0:00:02]} 35. Re1 {[%emt 0:07:32]} Rf4 {[%emt 0:00:24]} 36. Kg2 {[%emt 0:00:54]} Rxg4+ {[%emt 0:00:07]} 37. Kh3 {[%emt 0:01:14]} Rg5 {[%emt 0:00:12]} 38. f4 {[%emt 0:01:06]} Rxh5+ {[%emt 0:00:13]} 39. Kg3 {[%emt 0:00:12]} Kf7 {[%emt 0:01:51]} 40. Rc1 {[%emt 0:00:00]} b6 {[%emt 0:00:00]} 41. c3 {[%emt 0:10:30]} dxc3 {[%emt 0:03:41]} 42. Rxc3 {[%emt 0:00:27]} Rh1 {[%emt 0:00:17]} 43. Kf3 {[%emt 0:03:29]} Rd1 {[%emt 0:00:25]} 44. Ke3 {[%emt 0:01:28]} Rd4 {[%emt 0:00:13]} 45. Rc2 {[%emt 0:02:16]} Rb4 {[%emt 0:00:15]} 46. Rc3 {[%emt 0:00:15]} g5 {[%emt 0:00:05]} 47. Rd3 {[%emt 0:00:36]} Rd4 {[%emt 0:00:26]} 48. Rc3 {[%emt 0:00:36]} Kf6 {[%emt 0:00:07]} 49. Rc2 {[%emt 0:01:13]} Rb4 {[%emt 0:00:05]} 50. Rc3 {[%emt 0:01:11]} gxf4+ {[%emt 0:00:15]} 51. Kxf4 {[%emt 0:00:07]} e5+ {[%emt 0:00:05]} 52. Kf3 {[%emt 0:00:36]} Kg5 {[%emt 0:00:19]} 53. Re3 {[%emt 0:00:13]} h5 {[%emt 0:00:05]} 54. Kg3 {[%emt 0:01:12]} h4+ {[%emt 0:00:05]} 55. Kf3 {[%emt 0:01:10]} h3 {[%emt 0:00:04]} 56. Rd3 {[%emt 0:00:19]} h2 {[%emt 0:00:06]} 57. Kg2 {[%emt 0:00:08]} Kf4 {[%emt 0:00:05]} 58. Kxh2 {[%emt 0:01:27]} Kxe4 {[%emt 0:00:04]} 59. Rh3 {[%emt 0:00:17]} c4 {[%emt 0:00:03]} 60. bxc4 {[%emt 0:01:06]} Rxc4 {[%emt 0:00:21]} 61. Rh6 {[%emt 0:00:07]} Rb4 {[%emt 0:00:07]} 62. Kg3 {[%emt 0:00:11]} Ke3 {[%emt 0:00:12]} 63. Rd6 {[%emt 0:00:26]} e4 {[%emt 0:00:11]} 64. Kg4 {[%emt 0:00:04]} Ke2 {[%emt 0:00:16]} 65. Kf5 {[%emt 0:00:13]} e3 {[%emt 0:00:05]} 66. Ke5 {[%emt 0:00:21]} Ke1 {[%emt 0:00:16]} 67. Kd5 {[%emt 0:00:10]} e2 {[%emt 0:00:07]} 68. Kc6 {[%emt 0:00:09]} Rxa4 {[%emt 0:00:05]} 69. Kxb6 {[%emt 0:00:06]} Rf4 0-1

[Event "Cracovia Chess Festival A 2021"]
[Site "Cracow"]
[Date "2022.01.02"]
[Round "7.33"]
[White "Czernek, Tymon"]
[Black "Kolasinski, Krzysztof"]
[Result "1/2-1/2"]
[WhiteElo "2224"]
[BlackElo "2114"]
[Annotator "ChessBase"]
[PlyCount "64"]
[EventDate "2021.12.27"]
[EventCountry "POL"]
[SourceTitle "playchess.com"]
[Source "ChessBase"]
[SourceQuality "1"]
[TimeControl "40/5400+30:1800+30"]

1. e4 {[%emt 0:00:02]} e6 {[%emt 0:00:26]} 2. d4 {[%emt 0:00:06]} d5 {[%emt 0:00:24]} 3. Nc3 {[%emt 0:00:04]} Bb4 {[%emt 0:00:24]} 4. e5 {[%emt 0:00:08]} c5 {[%emt 0:00:13]} 5. a3 {[%emt 0:00:03]} Bxc3+ {[%emt 0:00:07]} 6. bxc3 {[%emt 0:00:02]} Qa5 {[%emt 0:00:08]} 7. Bd2 {[%emt 0:00:42]} Qa4 {[%emt 0:00:10]} 8. Qb1 {[%emt 0:02:47]} c4 {[%emt 0:00:13]} 9. f4 {[%emt 0:01:07]} Ne7 {[%emt 0:00:21]} 10. Nf3 {[%emt 0:00:34]} Nbc6 {[%emt 0:00:16]} 11. Be2 {[%emt 0:00:56]} h6 {[%emt 0:02:38]} 12. O-O {[%emt 0:01:15]} Bd7 {[%emt 0:03:13]} 13. Qb2 {[%emt 0:02:00]} O-O-O {[%emt 0:00:25]} 14. Rfb1 {[%emt 0:00:24]} b6 {[%emt 0:00:29]} 15. Qc1 {[%emt 0:01:06]} Kb8 {[%emt 0:01:46]} 16. Be1 {[%emt 0:02:04]} Rdf8 {[%emt 0:08:49]} 17. Nh4 {[%emt 0:04:10]} Rfg8 {[%emt 0:07:00]} 18. Bg4 {[%emt 0:01:30]} f5 {[%emt 0:03:48]} 19. exf6 {[%emt 0:02:42]} gxf6 {[%emt 0:00:05]} 20. Bf3 {[%emt 0:00:20]} f5 {[%emt 0:03:28]} 21. Bd1 {[%emt 0:02:13]} Nc8 {[%emt 0:04:10]} 22. Nf3 {[%emt 0:11:47]} Nd6 {[%emt 0:06:17]} 23. Ne5 {[%emt 0:00:46]} Rg7 {[%emt 0:11:18]} 24. Bf3 {[%emt 0:02:35]} Rhg8 {[%emt 0:01:30]} 25. Ra2 {[%emt 0:08:01]} Be8 {[%emt 0:07:07]} 26. Bh4 {[%emt 0:02:54]} Ne4 {[%emt 0:11:48]} 27. Qe3 {[%emt 0:00:12]} Qa5 {[%emt 0:02:54]} 28. Nxc6+ {[%emt 0:03:09]} Bxc6 {[%emt 0:00:02]} 29. Rb4 {[%emt 0:00:10]} Qa6 {[%emt 0:02:51]} 30. a4 {[%emt 0:02:17]} Qc8 {[%emt 0:00:19]} 31. Ra1 {[%emt 0:05:39]} Qe8 {[%emt 0:01:12]} 32. Kh1 {[%emt 0:02:10]} Kb7 {[%emt 0:01:02]} 1/2-1/2

[Event "Cracovia Chess Festival A 2021"]
[Site "Cracow"]
[Date "2022.01.02"]
[Round "7.34"]
[White "Luba, Lukasz"]
[Black "Konyves, Almos"]
[Result "1-0"]
[WhiteElo "2135"]
[BlackElo "2250"]
[Annotator "ChessBase"]
[PlyCount "53"]
[EventDate "2021.12.27"]
[EventCountry "POL"]
[SourceTitle "playchess.com"]
[Source "ChessBase"]
[SourceQuality "1"]
[TimeControl "40/5400+30:1800+30"]

1. c4 {[%emt 0:00:13]} e5 {[%emt 0:00:05]} 2. Nc3 {[%emt 0:00:05]} Nf6 {[%emt 0:00:05]} 3. g3 {[%emt 0:00:18]} d5 {[%emt 0:00:09]} 4. cxd5 {[%emt 0:00:07]} Nxd5 {[%emt 0:00:04]} 5. Bg2 {[%emt 0:00:11]} Nb6 {[%emt 0:00:05]} 6. Nf3 {[%emt 0:00:43]} Nc6 {[%emt 0:00:07]} 7. d3 {[%emt 0:00:09]} Be7 {[%emt 0:00:18]} 8. O-O {[%emt 0:00:26]} O-O {[%emt 0:00:06]} 9. b3 {[%emt 0:01:56]} Be6 {[%emt 0:02:39]} 10. Bb2 {[%emt 0:01:08]} f5 {[%emt 0:14:25]} 11. Rc1 {[%emt 0:09:57]} Bf6 {[%emt 0:02:49]} 12. e4 {[%emt 0:06:15]} f4 {[%emt 0:16:03]} 13. gxf4 {[%emt 0:06:59]} exf4 {[%emt 0:00:05]} 14. e5 {[%emt 0:00:31]} Nxe5 {[%emt 0:03:04]} 15. Nxe5 {[%emt 0:00:16]} Bxe5 {[%emt 0:00:27]} 16. Re1 {[%emt 0:07:35]} Bxc3 {[%emt 0:02:45]} 17. Bxc3 {[%emt 0:01:36]} Qg5 {[%emt 0:23:45]} 18. h4 {[%emt 0:00:46]} Qg6 {[%emt 0:02:39]} 19. Re5 {[%emt 0:04:13]} Bg4 {[%emt 0:03:32]} 20. h5 {[%emt 0:02:04]} Bxd1 {[%emt 0:12:52]} 21. hxg6 {[%emt 0:00:08]} Bg4 {[%emt 0:00:23]} 22. Re7 {[%emt 0:05:04]} Rf6 {[%emt 0:00:26]} 23. Bxf6 {[%emt 0:00:07]} gxf6 {[%emt 0:00:03]} 24. gxh7+ {[%emt 0:00:15]} Kh8 {[%emt 0:00:04]} 25. Bxb7 {[%emt 0:00:11]} Rd8 {[%emt 0:01:22]} 26. Rcxc7 {[%emt 0:00:26]} Nd7 {[%emt 0:03:10]} 27. Rc8 {[%emt 0:00:17]} 1-0

[Event "Cracovia Chess Festival A 2021"]
[Site "Cracow"]
[Date "2022.01.02"]
[Round "7.35"]
[White "Gombocz, Ferenc Jr."]
[Black "Kotyk, Michael"]
[Result "1/2-1/2"]
[WhiteElo "2236"]
[BlackElo "2140"]
[Annotator "ChessBase"]
[PlyCount "52"]
[EventDate "2021.12.27"]
[EventCountry "POL"]
[SourceTitle "playchess.com"]
[Source "ChessBase"]
[SourceQuality "1"]
[TimeControl "40/5400+30:1800+30"]

1. c4 {[%emt 0:00:03]} Nf6 {[%emt 0:00:04]} 2. g3 {[%emt 0:00:03]} e6 {[%emt 0:00:05]} 3. Bg2 {[%emt 0:00:07]} d5 {[%emt 0:00:04]} 4. Nf3 {[%emt 0:00:06]} Be7 {[%emt 0:00:03]} 5. O-O {[%emt 0:00:07]} O-O {[%emt 0:00:04]} 6. b3 {[%emt 0:00:17]} c5 {[%emt 0:00:04]} 7. Bb2 {[%emt 0:00:05]} b6 {[%emt 0:00:05]} 8. e3 {[%emt 0:00:06]} Nc6 {[%emt 0:00:08]} 9. Nc3 {[%emt 0:00:07]} Ba6 {[%emt 0:00:07]} 10. Qe2 {[%emt 0:01:40]} Rc8 {[%emt 0:00:05]} 11. d3 {[%emt 0:01:41]} Qc7 {[%emt 0:00:04]} 12. Ne1 {[%emt 0:00:35]} Rfd8 {[%emt 0:01:35]} 13. Nc2 {[%emt 0:01:41]} Qb8 {[%emt 0:00:49]} 14. f4 {[%emt 0:03:42]} d4 {[%emt 0:08:01]} 15. exd4 {[%emt 0:02:55]} Nxd4 {[%emt 0:02:19]} 16. Nxd4 {[%emt 0:00:05]} cxd4 {[%emt 0:00:08]} 17. Ne4 {[%emt 0:01:08]} Bb7 {[%emt 0:02:45]} 18. f5 {[%emt 0:17:03]} e5 {[%emt 0:12:17]} 19. Nxf6+ {[%emt 0:05:29]} Bxf6 {[%emt 0:00:18]} 20. b4 {[%emt 0:00:59]} Bxg2 {[%emt 0:03:25]} 21. Qxg2 {[%emt 0:01:17]} Qd6 {[%emt 0:00:38]} 22. a3 {[%emt 0:02:04]} Bg5 {[%emt 0:00:43]} 23. Qe4 {[%emt 0:01:42]} Be3+ {[%emt 0:00:41]} 24. Kg2 {[%emt 0:00:20]} a5 {[%emt 0:37:11]} 25. b5 {[%emt 0:06:56]} Re8 {[%emt 0:00:22]} 26. Rae1 {[%emt 0:04:22]} Rcd8 {[%emt 0:05:33]} 1/2-1/2

[Event "Cracovia Chess Festival A 2021"]
[Site "Cracow"]
[Date "2022.01.02"]
[Round "7.36"]
[White "Flak, Pawel"]
[Black "Matsumura, Cocoro"]
[Result "1-0"]
[WhiteElo "2206"]
[BlackElo "2121"]
[Annotator "ChessBase"]
[PlyCount "85"]
[EventDate "2021.12.27"]
[EventCountry "POL"]
[SourceTitle "playchess.com"]
[Source "ChessBase"]
[SourceQuality "1"]
[TimeControl "40/5400+30:1800+30"]

1. d4 {[%emt 0:00:01]} Nf6 {[%emt 0:00:05]} 2. c4 {[%emt 0:00:02]} e6 {[%emt 0:00:04]} 3. Nf3 {[%emt 0:00:03]} d5 {[%emt 0:00:04]} 4. g3 {[%emt 0:00:02]} Bb4+ {[%emt 0:00:04]} 5. Bd2 {[%emt 0:00:03]} a5 {[%emt 0:00:04]} 6. Bg2 {[%emt 0:00:01]} O-O {[%emt 0:00:08]} 7. O-O {[%emt 0:00:02]} dxc4 {[%emt 0:00:18]} 8. Qc2 {[%emt 0:00:05]} Bxd2 {[%emt 0:00:18]} 9. Nbxd2 {[%emt 0:00:02]} b5 {[%emt 0:00:20]} 10. b3 {[%emt 0:00:07]} cxb3 {[%emt 0:00:34]} 11. Qxb3 {[%emt 0:00:01]} c6 {[%emt 0:01:33]} 12. e4 {[%emt 0:01:20]} Nbd7 {[%emt 0:01:27]} 13. e5 {[%emt 0:00:22]} Nd5 {[%emt 0:00:58]} 14. Ne4 {[%emt 0:00:02]} N7b6 {[%emt 0:03:30]} 15. Qc2 {[%emt 0:01:44]} Ba6 {[%emt 0:10:32]} 16. Neg5 {[%emt 0:15:44]} g6 {[%emt 0:00:45]} 17. Rfd1 {[%emt 0:01:24]} Qe7 {[%emt 0:04:30]} 18. Ne4 {[%emt 0:01:38]} Rfc8 {[%emt 0:04:41]} 19. h4 {[%emt 0:13:25]} Nd7 {[%emt 0:04:59]} 20. Rac1 {[%emt 0:01:54]} Rab8 {[%emt 0:05:06]} 21. Bf1 {[%emt 0:00:32]} N5b6 {[%emt 0:05:07]} 22. Nd6 {[%emt 0:01:05]} Rc7 {[%emt 0:10:00]} 23. Bxb5 {[%emt 0:00:09]} Bb7 {[%emt 0:03:25]} 24. Be2 {[%emt 0:22:35]} c5 {[%emt 0:06:08]} 25. Qd2 {[%emt 0:00:02]} a4 {[%emt 0:06:32]} 26. Nxb7 {[%emt 0:15:17]} Rbxb7 {[%emt 0:01:26]} 27. Ba6 {[%emt 0:03:47]} Rb8 {[%emt 0:03:48]} 28. Bb5 {[%emt 0:03:35]} Rbc8 {[%emt 0:02:01]} 29. h5 {[%emt 0:05:31]} c4 {[%emt 0:03:52]} 30. hxg6 {[%emt 0:02:35]} hxg6 {[%emt 0:00:32]} 31. Kg2 {[%emt 0:00:21]} c3 {[%emt 0:02:13]} 32. Qh6 {[%emt 0:00:02]} Qf8 {[%emt 0:00:07]} 33. Qh4 {[%emt 0:00:31]} a3 {[%emt 0:01:57]} 34. Rh1 {[%emt 0:00:44]} Qg7 {[%emt 0:00:04]} 35. Ng5 {[%emt 0:00:51]} Nd5 {[%emt 0:04:27]} 36. Ne4 {[%emt 0:01:55]} Kf8 {[%emt 0:05:57]} 37. Bxd7 {[%emt 0:00:43]} Rxd7 {[%emt 0:00:01]} 38. Qh8+ {[%emt 0:00:18]} Qg8 {[%emt 0:00:05]} 39. Nf6 {[%emt 0:00:19]} Nxf6 {[%emt 0:01:19]} 40. Qxf6 {[%emt 0:00:00]} Rxd4 {[%emt 0:00:00]} 41. Rh8 {[%emt 0:00:18]} Rd2 {[%emt 0:01:02]} 42. Rxg8+ {[%emt 0:00:23]} Kxg8 {[%emt 0:00:01]} 43. Rh1 {[%emt 0:00:07]} 1-0

[Event "Cracovia Chess Festival A 2021"]
[Site "Cracow"]
[Date "2022.01.02"]
[Round "7.37"]
[White "Musial, Tomasz"]
[Black "Golenia, Jan"]
[Result "1-0"]
[WhiteElo "2111"]
[BlackElo "2149"]
[Annotator "TA"]
[PlyCount "135"]
[EventDate "2021.12.27"]
[EventCountry "POL"]
[SourceTitle "playchess.com"]
[Source "ChessBase"]
[SourceQuality "1"]

{[%evp 10,135,31,25,55,55,53,50,82,88,75,79,66,83,73,69,122,118,122,113,127,106,112,87,87,89,89,89,108,108,127,111,108,106,164,150,159,162,184,174,160,157,188,212,405,404,418,489,473,469,440,435,464,456,429,414,414,168,175,161,169,172,162,111,111,114,137,137,137,137,137,137,137,137,137,137,137,137,137,137,222,200,297,297,309,306,259,292,267,306,292,292,258,258,277,251,251,251,251,251,251,251,251,251,251,251,251,251,251,251,251,251,251,251,29972,637,637,637,637,251,29974,29975,29973,29976,29976,29977,29976,29973]} 1. d4 Nf6 2. c4 e6 3. g3 d5 4. Bg2 Be7 5. Nf3 dxc4 6. O-O a6 {E05: Open Catalan: 5 Nf3 Be7.} 7. Ne5 O-O 8. Nc3 {was the old line (8.Nxc4).} Nc6 {White is slightly better. has lost popularity (8...c5).} 9. Bxc6 ({Don't play} 9. Nxc6 bxc6 10. Rb1 (10. Bxc6 Rb8 $11) 10... Bb7 $11) 9... bxc6 10. Nxc6 {Pair of Knights!} Qe8 11. Nxe7+ Qxe7 12. Qa4 Rb8 (12... Nd5 $14) 13. b3 $1 $16 Rd8 14. Qxc4 {[#]} Bb7 $146 ({Predecessor:} 14... Nd5 15. Ne4 e5 16. Rd1 Be6 17. Qc5 exd4 18. Qxe7 Nxe7 19. Bf4 Rbc8 20. Rac1 Bf5 21. Nc5 Ng6 22. Rc4 Nxf4 23. gxf4 Re8 24. Rd2 {1-0 (24) Petursson,M (2565)-Thorsteinsson,B (2325) Iceland 1997}) 15. Bf4 Rbc8 16. Rfd1 Nd5 17. Nxd5 Rxd5 18. Rac1 g5 19. Be3 (19. Bxc7 $2 Rd7 20. Qc5 Rcxc7 21. Qxe7 Rxe7 $17) 19... Qd7 {[%cal Oc7c5]} 20. Rd3 h6 21. f3 Rd6 (21... c5 $16 {was worth a try.} 22. dxc5 Rxd3 23. Qxd3 (23. exd3 Bxf3 24. Qxa6 Bc6 $16) 23... Qxd3 24. exd3 Bxf3) 22. Qb4 Rb6 23. Qd2 {White is more active.} Rc6 24. Rc5 {[%cal Oe3g5]} Rxc5 25. dxc5 Qe8 26. h4 $1 f6 (26... e5 {is a better defense.} 27. hxg5 e4) 27. hxg5 $18 hxg5 {[#]} 28. Bxg5 $1 {[%mdl 512]} Qe7 29. Rd7 Qxc5+ 30. Be3 Qe5 31. Kg2 {[%cal Od2b4] Strongly threatening Qb4!} Bc6 32. Bf4 Qb5 {[#]} 33. Rxc7 (33. a4 $142 $1 {[%mdl 512]} Qh5 34. Rd8+ Rxd8 35. Qxd8+ Be8 36. Qxf6) 33... Rxc7 34. Bxc7 Kf7 35. Qc2 {aiming for a4.} e5 36. Qh7+ (36. Kf2 $18 {And now Qh7+ would win.} Kg7 37. Bd6) 36... Ke6 $16 37. Qg8+ Kd7 38. Qd8+ Ke6 39. Qd6+ Kf7 40. Kf2 {Hoping for Bd8.} Qd5 41. Qxd5+ Bxd5 {[%mdl 4096] Endgame KB-KB} 42. e4 Bc6 43. Ke3 Ke7 44. f4 exf4+ (44... Ke6 $16 45. f5+ Kd7) 45. Kxf4 ({But not} 45. gxf4 $6 f5) 45... Ke6 {[#]} (45... Bd7 $142 46. Ba5 Bc6) 46. g4 $1 $18 Bb5 47. e5 fxe5+ 48. Bxe5 Bd3 49. Bc3 Bb1 {[#]} 50. a3 Bc2 51. b4 Kd5 52. Bf6 Ke6 53. Bd8 Kd7 54. Bb6 {Ke5 is the strong threat.} Ke6 55. Ke3 Kd5 56. Kd2 Be4 57. Kc3 Bf3 58. g5 {Threatens to win with g6.} Bh5 59. Bd8 Be8 60. Kb3 Bg6 61. Ka4 Bc2+ $2 (61... Kc6 62. Ka5 Bd3) 62. Ka5 Bd3 63. a4 {Threatening mate with b5.} Kc6 {To avoid b5+} 64. Bf6 $2 (64. g6) 64... Bc2 $2 (64... Kb7 $18 65. Bd4 Kc7) 65. Kxa6 {White mates.} Bxa4 66. g6 {[%cal Bg5g6,Bg6g7][%mdl 32]} Bb5+ 67. Ka5 Bc4 68. g7 {Weighted Error Value: White=0.07 (flawless) /Black=0.14 (very precise)} 1-0